Welcome to the Holygrace Academy Library

Please use search bar below to get started

TEACHING OF BIOLOGY (Record no. 1425)

MARC details
000 -LEADER
fixed length control field 00291nam a22001217a 4500
082 ## - DEWEY DECIMAL CLASSIFICATION NUMBER
Classification number 570
Item number CHH/T
100 ## - MAIN ENTRY--AUTHOR NAME
Personal name CHHIKARA & SHARMA
245 ## - TITLE STATEMENT
Title TEACHING OF BIOLOGY
Remainder of title LIFE SCIENCES
260 ## - PUBLICATION, DISTRIBUTION, ETC. (IMPRINT)
Place of publication LUDHIANA
Name of publisher VINOD PUBLICATIONS
300 ## - PHYSICAL DESCRIPTION
Number of Pages 228
650 ## - SUBJECT ADDED ENTRY--TOPICAL TERM
Topical Term BIOLOGY REFERENCE
Geographic subdivision INDIA
942 ## - ADDED ENTRY ELEMENTS (KOHA)
Koha item type Books
Holdings
Withdrawn status Lost status Collection code Home library Current library Shelving location Date acquired Source of acquisition Cost, normal purchase price Full call number Accession Number Koha item type
    Reference Main Library Main Library SHELF-5 E REFERENCE BIOLOGY 03/10/2006 purchase 100.00 570 CHH/T 02792 Books